[Event "Hoogeveen Open"]
[Site "Hoogeveen"]
[Date "2008.??.??"]
[Round "1"]
[White "Grover, Sahaj"]
[Black "L'Ami, Erwin"]
[Result "1/2-1/2"]
[WhiteElo "2313"]
[BlackElo "2610"]
[PlyCount "97"]
[EventDate "2008.??.??"]

1. e4 e5 2. Nf3 Nc6 3. Bb5 a6 4. Ba4 Nf6 5. Qe2 Be7 6. O-O b5 7. Bb3 d6 8. c3
O-O 9. Rd1 Na5 10. Bc2 c5 11. d4 Qc7 12. d5 Nc4 13. a4 Bd7 14. Nbd2 Nxd2 15.
Bxd2 Rfb8 16. Be3 Qb7 17. axb5 axb5 18. b4 c4 19. h3 Bd8 20. Qf1 Bb6 21. Qe1
Nh5 22. Kh2 g6 23. g3 Rf8 24. Qe2 Ng7 25. Nh4 Bd8 26. Ng2 f5 27. exf5 Nxf5 28.
Be4 Nxe3 29. Nxe3 Bb6 30. h4 Rxa1 31. Rxa1 Bc8 32. Kg2 Bf5 33. f3 Qf7 34. Nf1
Bc8 35. Ne3 Kg7 36. h5 Qe7 37. Qd2 Bd8 38. Nc2 gxh5 39. Rh1 Qg5 40. Qxg5+ Bxg5
41. Rxh5 h6 42. Rh1 Kf6 43. Ra1 h5 44. Ra5 Rg8 45. Kh2 h4 46. g4 Bd7 47. Na3
Bd2 48. Nxb5 Bxb5 49. Rxb5 1/2-1/2

[Event "Hoogeveen Open"]
[Site "Hoogeveen"]
[Date "2008.??.??"]
[Round "1"]
[White "Negi, Parimarjan"]
[Black "Prasanna Raghuram, Rao"]
[Result "1-0"]
[WhiteElo "2597"]
[BlackElo "2311"]
[PlyCount "143"]
[EventDate "2008.??.??"]

1. e4 e5 2. Nf3 Nc6 3. Bb5 a6 4. Ba4 Nf6 5. O-O Be7 6. Re1 b5 7. Bb3 O-O 8. a4
b4 9. c3 d6 10. a5 Rb8 11. Bc4 Bb7 12. d4 exd4 13. cxd4 d5 14. exd5 Nxd5 15.
Qb3 Na7 16. Nbd2 Nb5 17. Nf1 Nf6 18. Ne5 Nd6 19. Bd3 Bd5 20. Qc2 Nb5 21. Be3 b3
22. Qe2 Bd6 23. Bc4 Bb4 24. Rec1 Re8 25. Bxd5 Qxd5 26. Qc4 Bd6 27. Ng4 Qf5 28.
Nxf6+ Qxf6 29. Nd2 Qh4 30. g3 Qg4 31. Qd5 Rbd8 32. Qf3 Qe6 33. Rc6 Ra8 34. Rac1
f5 35. Nc4 h6 36. Ne5 Kh8 37. Qh5 Kh7 38. h4 Rf8 39. Qf3 Qe7 40. Qd5 Qe8 41.
Qxb3 Bxe5 42. dxe5 Qxe5 43. Re6 Nd4 44. Rxe5 Nxb3 45. Rxc7 Rae8 46. Rxe8 Rxe8
47. Ra7 Nxa5 48. Bd4 Rg8 49. Rxa6 Nb3 50. Bc3 Rd8 51. Ra7 Nd4 52. Kg2 Ne6 53.
Re7 Rd6 54. b4 Kg8 55. b5 Rb6 56. h5 Kf8 57. Bb4 Kg8 58. Bd2 f4 59. g4 Kf8 60.
Bb4 Kg8 61. Ba3 Ng5 62. Re5 Kf7 63. Rf5+ Ke6 64. Bb2 f3+ 65. Kh2 Rb7 66. Bd4
Kd6 67. b6 Kc6 68. Be3 Nf7 69. Rxf3 Ne5 70. Rf4 Kd5 71. Kg3 Rb8 72. Rf5 1-0

[Event "Hoogeveen Open"]
[Site "Hoogeveen"]
[Date "2008.??.??"]
[Round "1"]
[White "Miedema, Roi"]
[Black "Kempinski, Robert"]
[Result "0-1"]
[WhiteElo "2307"]
[BlackElo "2595"]
[PlyCount "76"]
[EventDate "2008.??.??"]

1. d4 Nf6 2. c4 g6 3. Nc3 Bg7 4. e4 O-O 5. Be3 d6 6. f3 e5 7. Nge2 Nc6 8. d5
Na5 9. Ng3 c5 10. Qd2 h5 11. Bg5 Qb6 12. Bd3 Nh7 13. Be3 h4 14. Nge2 Qd8 15.
Nb5 b6 16. Rb1 f5 17. exf5 gxf5 18. Qc2 a6 19. Nbc3 b5 20. b3 b4 21. Nd1 Ng5
22. f4 e4 23. fxg5 exd3 24. Qxd3 f4 25. Nxf4 Bf5 26. Qe2 Bxb1 27. Ne6 Qe7 28.
Nxf8 Rxf8 29. Rf1 Qe4 30. Rxf8+ Kxf8 31. Nf2 Qxg2 32. Qh5 Qxh2 33. Qf3+ Kg8 34.
Bf4 Qg1+ 35. Ke2 Bg6 36. Bxd6 Qb1 37. Ng4 Qxa2+ 38. Kf1 Qb1+ 0-1

[Event "Hoogeveen Open"]
[Site "Hoogeveen"]
[Date "2008.??.??"]
[Round "1"]
[White "Fier, Alexandr"]
[Black "Kuipers, Stefan"]
[Result "1-0"]
[WhiteElo "2581"]
[BlackElo "2292"]
[PlyCount "69"]
[EventDate "2008.??.??"]

1. e4 c5 2. Nf3 Nc6 3. Nc3 Nf6 4. Bb5 Qc7 5. O-O e5 6. d3 Be7 7. Bg5 O-O 8. Nd2
h6 9. Bxf6 Bxf6 10. Nd5 Qd8 11. c3 a6 12. Bc4 d6 13. a4 Bg5 14. Nf3 Bg4 15. h3
Bh5 16. Ne3 Bxe3 17. fxe3 Bxf3 18. Rxf3 Qe7 19. Bd5 Rac8 20. Qb3 Nd8 21. Raf1
Rc7 22. g4 Re8 23. Qb6 Rf8 24. Kf2 Rd7 25. Ke2 Kh7 26. Qb3 Rc7 27. Kd2 Kg8 28.
Rf5 Kh7 29. Qd1 Rd7 30. Qf3 g6 31. Rf6 Kg7 32. h4 Rc7 33. h5 g5 34. Qf5 Rd7 35.
Rg6+ 1-0

[Event "Hoogeveen Open"]
[Site "Hoogeveen"]
[Date "2008.10.17"]
[Round "1"]
[White "Archangelsky, Mikhail"]
[Black "Ikonnikov, Vyacheslav"]
[Result "0-1"]
[WhiteElo "2276"]
[BlackElo "2571"]
[PlyCount "86"]
[EventDate "2008.??.??"]

1. d4 Nf6 2. Nf3 e6 3. Bg5 h6 4. Bh4 b6 5. e3 Bb7 6. Nbd2 d6 7. h3 Nbd7 8. Bb5
a6 9. Bxd7+ Qxd7 10. Bxf6 gxf6 11. c3 Rg8 12. Rg1 f5 13. Qc2 O-O-O 14. O-O-O
Be7 15. g3 Kb8 16. Rge1 Rc8 17. Ng1 c5 18. Ne2 cxd4 19. exd4 b5 20. Kb1 Bf6 21.
Qb3 Rc7 22. Qb4 Rgc8 23. h4 Bd8 24. Rc1 Bd5 25. Nf4 a5 26. Qa3 Ba8 27. Qxa5
Rxc3 28. Qxc3 Rxc3 29. bxc3 e5 30. Ne2 f4 31. Kb2 f3 32. Ng1 Qf5 33. Re3 e4 34.
Nb3 d5 35. Ra1 Bc6 36. Nc5 Be7 37. Nb3 Bd6 38. a3 Qg4 39. Na5 Bd7 40. Rf1 f5
41. Nb3 f4 42. gxf4 Qg2 43. Ree1 e3 0-1

[Event "Hoogeveen Open"]
[Site "Hoogeveen"]
[Date "2008.10.17"]
[Round "1"]
[White "Van Kooten, Luuk"]
[Black "Nijboer, Friso"]
[Result "0-1"]
[WhiteElo "2263"]
[BlackElo "2540"]
[PlyCount "108"]
[EventDate "2008.??.??"]

1. d4 f5 2. Nc3 d5 3. Bg5 Nf6 4. Bxf6 exf6 5. e3 Be6 6. Bd3 Qd7 7. Nge2 Nc6 8.
a3 Ne7 9. h4 h5 10. Nf4 Bf7 11. Qd2 Nc8 12. f3 Nb6 13. O-O-O O-O-O 14. Kb1 Be7
15. Rhe1 Kb8 16. Qf2 Rhe8 17. Bb5 c6 18. Bf1 Qc7 19. Bd3 Bd6 20. g3 Nc4 21.
Bxc4 dxc4 22. Nfe2 a5 23. e4 fxe4 24. Nxe4 Bf8 25. N2c3 Re7 26. Nc5 Rxe1 27.
Rxe1 Qd6 28. Rd1 f5 29. g4 fxg4 30. fxg4 Qf6 31. Qg3+ Bd6 32. Qe1 Qe7 33. Qxe7
Bxe7 34. Rf1 Bg8 35. Rf4 Bd6 36. Rf5 hxg4 37. Rg5 b6 38. N5e4 Bf8 39. Rxg4 Rxd4
40. h5 Bd5 41. Nxd5 cxd5 42. h6 gxh6 43. Rg8 Rxe4 44. Rxf8+ Kb7 45. Rf7+ Ka6
46. Rf6 Rh4 47. a4 d4 48. Rc6 d3 49. cxd3 cxd3 50. Rd6 Rxa4 51. Rxd3 h5 52. Rd5
h4 53. Rh5 Rb4 54. Kc2 Kb7 0-1

[Event "Hoogeveen Open"]
[Site "Hoogeveen"]
[Date "2008.10.17"]
[Round "1"]
[White "Romanishin, Oleg M"]
[Black "Clemens, Adrian"]
[Result "1-0"]
[WhiteElo "2532"]
[BlackElo "2261"]
[PlyCount "69"]
[EventDate "2008.??.??"]

1. d4 Nf6 2. Nf3 c5 3. d5 b5 4. Bg5 Ne4 5. Bh4 Bb7 6. e3 Qa5+ 7. c3 Na6 8. Nbd2
Nxd2 9. Qxd2 c4 10. Be2 Nc5 11. O-O Qb6 12. Rad1 f6 13. Qc2 g6 14. b3 cxb3 15.
axb3 Bg7 16. b4 Na6 17. Nd4 Nc7 18. e4 O-O 19. f4 e5 20. Bf2 Nxd5 21. exd5 exd4
22. Bxd4 Qc7 23. Qb3 d6 24. Bxb5 a5 25. Bc6 axb4 26. cxb4 f5 27. Bxg7 Kxg7 28.
b5 Qb6+ 29. Kh1 Ra7 30. Rfe1 Bxc6 31. dxc6 Rb8 32. Qc3+ Kg8 33. Rxd6 Qxb5 34.
c7 Rba8 35. c8=Q+ 1-0

[Event "Hoogeveen Open"]
[Site "Hoogeveen"]
[Date "2008.10.17"]
[Round "1"]
[White "Hovenga, Alje"]
[Black "Pavlovic, Milos"]
[Result "0-1"]
[WhiteElo "2253"]
[BlackElo "2524"]
[PlyCount "54"]
[EventDate "2008.??.??"]

1. d4 d5 2. c4 c6 3. Nf3 Nf6 4. Nc3 a6 5. e3 b5 6. b3 Bg4 7. Be2 e6 8. O-O Nbd7
9. Bb2 Bd6 10. h3 Bf5 11. Bd3 O-O 12. Qc2 Bxd3 13. Qxd3 Qe7 14. Rab1 Rfd8 15.
Ba1 Rac8 16. a4 e5 17. dxe5 Nxe5 18. Nxe5 dxc4 19. bxc4 Bxe5 20. Qe2 b4 21. Na2
Bxa1 22. Rxa1 Ne4 23. Nc1 Rd2 24. Qg4 Re8 25. Ra2 Rxa2 26. Nxa2 b3 27. Nc1 Nd2
0-1

[Event "Hoogeveen Open"]
[Site "Hoogeveen"]
[Date "2008.10.17"]
[Round "1"]
[White "Ulibin, Mikhail"]
[Black "Van Assendelft, Floris"]
[Result "0-1"]
[WhiteElo "2521"]
[BlackElo "2253"]
[Annotator "BV,Ruma"]
[PlyCount "66"]
[EventDate "2008.??.??"]

1. d4 Nf6 2. c4 c5 3. d5 b5 4. cxb5 a6 5. b6 d6 6. Nc3 Nbd7 7. e4 g6 8. Nf3 Bg7
9. a4 a5 10. Bb5 O-O 11. O-O Qxb6 12. h3 Ba6 13. Nd2 Bxb5 14. axb5 Qc7 15. Nc4
Nb6 16. Na3 Rfe8 17. Bf4 e6 18. Qf3 Qe7 19. Bg5 h6 20. Bh4 g5 21. Bg3 Nfd7 22.
Rad1 exd5 23. exd5 Ne5 24. Qf5 Nbc4 25. Qc2 f5 26. Bxe5 Nxa3 27. bxa3 Qxe5 28.
Rd3 f4 29. Nb1 Qf5 30. Nd2 Re2 31. Qc4 Rae8 32. b6 Rb8 33. Rb1 Rxd2 0-1

[Event "Hoogeveen Open"]
[Site "Hoogeveen"]
[Date "2008.10.17"]
[Round "1"]
[White "Chapman, Terry P D"]
[Black "Mekhitarian, Krikor Sevag"]
[Result "0-1"]
[WhiteElo "2240"]
[BlackElo "2511"]
[PlyCount "92"]
[EventDate "2008.??.??"]

1. Nf3 c5 2. c4 Nc6 3. d4 cxd4 4. Nxd4 Nf6 5. Nc3 e6 6. Ndb5 d5 7. Bf4 e5 8.
cxd5 exf4 9. dxc6 bxc6 10. Qxd8+ Kxd8 11. O-O-O+ Bd7 12. Nd6 Bxd6 13. Rxd6 Ng4
14. g3 Kc7 15. Rd4 fxg3 16. hxg3 Nxf2 17. Rh5 f5 18. Bg2 g6 19. Rhh4 Ng4 20.
Rc4 Ne3 21. Nd5+ Nxd5 22. Bxd5 Rae8 23. Rc2 Re5 24. Bf3 a5 25. Rhc4 Re6 26. Ra4
Re5 27. Rac4 Re6 28. Ra4 Ra8 29. b4 Re5 30. Kd2 Kb6 31. Rb2 Rb5 32. bxa5+ Raxa5
33. Rxb5+ cxb5 34. Rxa5 Kxa5 35. Bd5 Kb4 36. Bg8 h6 37. Ke3 Kc3 38. Kf4 Kd4 39.
e3+ Kd3 40. Bf7 g5+ 41. Ke5 Bc8 42. Kd6 Kxe3 43. Kc7 f4 44. gxf4 g4 45. Kxc8 g3
46. Bd5 Kxf4 0-1

[Event "Hoogeveen Open"]
[Site "Hoogeveen"]
[Date "2008.10.17"]
[Round "1"]
[White "Haslinger, Stewart"]
[Black "Cako, Laszlo"]
[Result "1-0"]
[WhiteElo "2506"]
[BlackElo "2233"]
[PlyCount "91"]
[EventDate "2008.??.??"]

1. e4 e5 2. Nf3 Nc6 3. d4 exd4 4. Nxd4 Nf6 5. Nxc6 bxc6 6. e5 Qe7 7. Qe2 Nd5 8.
c4 Ba6 9. b3 g5 10. h4 Bg7 11. Bb2 Nf4 12. Qe3 h6 13. Nd2 Ng6 14. hxg5 hxg5 15.
Rxh8+ Bxh8 16. O-O-O Bxe5 17. Bxe5 Qxe5 18. Qxe5+ Nxe5 19. Ne4 O-O-O 20. Nxg5
d5 21. f4 Rg8 22. Re1 f6 23. fxe5 fxg5 24. e6 Kd8 25. e7+ Ke8 26. Re6 Kd7 27.
Rf6 Re8 28. cxd5 Bxf1 29. dxc6+ Kxe7 30. Rxf1 Kd6 31. Rf6+ Kd5 32. Kd2 Re5 33.
Rg6 Kc5 34. Kd3 a5 35. a3 Rd5+ 36. Ke4 Rd4+ 37. Kf5 Rd3 38. b4+ axb4 39. axb4+
Kb6 40. Kxg5 Rd4 41. g4 Rxb4 42. Rf6 Rc4 43. Kh5 Rc1 44. g5 Rh1+ 45. Kg6 Rg1
46. Kh6 1-0

[Event "Hoogeveen Open"]
[Site "Hoogeveen"]
[Date "2008.10.17"]
[Round "1"]
[White "Dal Borgo, Albin"]
[Black "Naumkin, Igor"]
[Result "1/2-1/2"]
[WhiteElo "2210"]
[BlackElo "2506"]
[PlyCount "96"]
[EventDate "2008.??.??"]

1. d4 e6 2. e4 d5 3. Nc3 Nf6 4. Bg5 dxe4 5. Nxe4 Be7 6. Nxf6+ Bxf6 7. Bxf6 Qxf6
8. Nf3 O-O 9. Bd3 c5 10. c3 cxd4 11. Nxd4 e5 12. Ne2 Na6 13. Qc2 Qh6 14. O-O
Nc5 15. Bc4 Kh8 16. Rad1 Bg4 17. Rd5 Rac8 18. Ng3 Ne6 19. Be2 Nd4 20. Qd3 Be6
21. Rxe5 Nxe2+ 22. Nxe2 Bxa2 23. Re1 Bc4 24. Qe3 Qxe3 25. Rxe3 Rfd8 26. Nd4 g6
27. Re7 Bd5 28. f3 a6 29. Kf2 Kg7 30. Ra1 Kf6 31. Re3 Rd6 32. Ke2 Rb6 33. b4
Rd6 34. Kd2 h5 35. Ree1 h4 36. Re3 Rdd8 37. Ra5 Bc4 38. Ra1 Re8 39. Rxe8 Rxe8
40. Re1 Rxe1 41. Kxe1 Ke5 42. g3 b6 43. Kd2 hxg3 44. hxg3 Kd6 45. Ke3 a5 46.
Nc2 Bd5 47. Na3 Ke5 48. f4+ Kd6 1/2-1/2

[Event "Hoogeveen Open"]
[Site "Hoogeveen"]
[Date "2008.10.17"]
[Round "1"]
[White "Di Berardino, Diego Rafael"]
[Black "De Groote, Ewoud"]
[Result "1-0"]
[WhiteElo "2502"]
[BlackElo "2208"]
[PlyCount "75"]
[EventDate "2008.??.??"]

1. e4 c5 2. Nf3 d6 3. d4 cxd4 4. Nxd4 Nf6 5. Nc3 a6 6. Be3 Ng4 7. Bg5 h6 8. Bc1
Nc6 9. Be2 Nf6 10. Be3 e5 11. Nb3 Be6 12. O-O Be7 13. Nd5 O-O 14. Bf3 Bxd5 15.
exd5 Nb8 16. a4 a5 17. Qd3 Nfd7 18. Qb5 Qc7 19. Be2 b6 20. Nd2 Nc5 21. c3 f5
22. b4 f4 23. Bxc5 dxc5 24. bxa5 Rxa5 25. Qb3 Bd6 26. Nc4 e4 27. f3 Nd7 28.
Nxa5 bxa5 29. Rab1 Ne5 30. Qc2 e3 31. Qe4 Qe7 32. Rb6 Rf6 33. Rfb1 Rg6 34. Qxf4
Rf6 35. Qe4 Qf8 36. Qxe3 c4 37. Kh1 Bc5 38. Rxf6 1-0

[Event "Hoogeveen Open"]
[Site "Hoogeveen"]
[Date "2008.10.17"]
[Round "1"]
[White "Balje, Jan"]
[Black "Van der Wiel, John TH"]
[Result "0-1"]
[WhiteElo "2193"]
[BlackElo "2501"]
[PlyCount "72"]
[EventDate "2008.??.??"]

1. d4 Nf6 2. c4 e6 3. Nf3 d5 4. g3 dxc4 5. Qa4+ Bd7 6. Qxc4 c5 7. Bg2 Bc6 8.
O-O Nbd7 9. Nc3 b5 10. Qd3 b4 11. Nb1 cxd4 12. Nxd4 Bxg2 13. Kxg2 Bc5 14. Nb3
Be7 15. N1d2 a5 16. a4 bxa3 17. bxa3 O-O 18. a4 Nb6 19. Qxd8 Rfxd8 20. Ba3 Bxa3
21. Rxa3 Rdc8 22. Rc1 Rxc1 23. Nxc1 Kf8 24. Ncb3 Rd8 25. Ra2 Nfd5 26. Rc2 Nxa4
27. Nxa5 Nb4 28. Rc4 Rxd2 29. Rxb4 Nc3 30. Kf3 Nxe2 31. Ke3 Ra2 32. Nc6 g5 33.
Rb8+ Kg7 34. Rb7 Nc3 35. Rd7 Nd5+ 36. Kf3 g4+ 0-1

[Event "Hoogeveen Open"]
[Site "Hoogeveen"]
[Date "2008.10.17"]
[Round "1"]
[White "Agamaliev, Gamil"]
[Black "Van Apeldoorn, Janton"]
[Result "1-0"]
[WhiteElo "2479"]
[BlackElo "2188"]
[PlyCount "42"]
[EventDate "2008.??.??"]

1. d4 Nf6 2. Nf3 g6 3. Nc3 d5 4. Bf4 Bg7 5. e3 Bf5 6. Be2 O-O 7. Ne5 Nbd7 8.
Bf3 c6 9. O-O Rc8 10. Re1 b5 11. g4 Be6 12. Nd3 a5 13. a3 a4 14. Bg3 Qb6 15.
Nf4 Ne8 16. e4 Bxd4 17. exd5 g5 18. dxe6 gxf4 19. exd7 Rd8 20. dxe8=Q fxg3 21.
Qxc6 Bxc3 1-0

[Event "Hoogeveen Open"]
[Site "Hoogeveen"]
[Date "2008.10.17"]
[Round "1"]
[White "Neelotpal, Das"]
[Black "Rademakers, Evert"]
[Result "1-0"]
[WhiteElo "2477"]
[BlackElo "2151"]
[PlyCount "51"]
[EventDate "2008.??.??"]

1. e4 c6 2. d4 d5 3. f3 e6 4. Nc3 Bb4 5. Bf4 Ne7 6. Qd3 O-O 7. O-O-O f5 8. Nh3
Ng6 9. Bg3 b6 10. Qe3 Be7 11. Kb1 e5 12. dxe5 f4 13. Nxf4 Nxf4 14. Bxf4 Rxf4
15. exd5 Rf8 16. dxc6 Qe8 17. Nd5 Bc5 18. Qc3 Qf7 19. b4 Be6 20. bxc5 Nxc6 21.
cxb6 axb6 22. Qxc6 Rfc8 23. Qd6 Rd8 24. Ne7+ Kf8 25. Ng6+ Ke8 26. Bb5+ 1-0

[Event "Hoogeveen Open"]
[Site "Hoogeveen"]
[Date "2008.10.17"]
[Round "1"]
[White "Van der Leest, Bert"]
[Black "Robson, Ray"]
[Result "0-1"]
[WhiteElo "2146"]
[BlackElo "2466"]
[PlyCount "42"]
[EventDate "2008.??.??"]

1. e4 c5 2. Nf3 d6 3. d4 cxd4 4. Nxd4 Nf6 5. Nc3 e6 6. Bc4 Be7 7. Be3 O-O 8. f4
Nxe4 9. Nxe4 d5 10. Bd3 dxe4 11. Bxe4 Nd7 12. Nb3 e5 13. Qd3 exf4 14. Bxf4 Nf6
15. O-O-O Qxd3 16. Bxd3 Be6 17. Rhe1 Rfd8 18. Bf5 Rxd1+ 19. Kxd1 Bxf5 20. Rxe7
Nd5 21. Re5 Bg4+ 0-1

[Event "Hoogeveen Open"]
[Site "Hoogeveen"]
[Date "2008.10.17"]
[Round "1"]
[White "Spoelman, Wouter"]
[Black "Tate, Alan"]
[Result "1-0"]
[WhiteElo "2459"]
[BlackElo "2144"]
[PlyCount "80"]
[EventDate "2008.??.??"]

1. e4 c5 2. Nc3 a6 3. Nf3 d6 4. d4 cxd4 5. Nxd4 Nf6 6. Be3 e5 7. Nb3 Be6 8. Qd2
Nbd7 9. f4 b5 10. f5 Bc4 11. O-O-O Be7 12. Kb1 Rb8 13. Qe1 O-O 14. Bc1 Qc7 15.
Bxc4 Qxc4 16. Na5 Qc7 17. Nd5 Nxd5 18. exd5 Rbc8 19. Nc6 Nb6 20. Nxe7+ Qxe7 21.
Qf2 Nd7 22. g4 f6 23. Rhg1 Rc7 24. h4 Rfc8 25. Rd2 b4 26. g5 a5 27. Qe3 a4 28.
Rdg2 Nc5 29. h5 b3 30. cxb3 axb3 31. axb3 e4 32. gxf6 Qxf6 33. Qc3 Qxc3 34.
bxc3 Kh8 35. c4 Rb8 36. Bb2 Rxb3 37. Kc2 h6 38. Bxg7+ Kh7 39. Rg6 Rcb7 40.
Rxh6+ Kg8 1-0

[Event "Hoogeveen Open"]
[Site "Hoogeveen"]
[Date "2008.10.17"]
[Round "1"]
[White "Rooda, Kai"]
[Black "Pruijssers, Roeland"]
[Result "1/2-1/2"]
[WhiteElo "2141"]
[BlackElo "2458"]
[PlyCount "122"]
[EventDate "2008.??.??"]

1. d4 Nf6 2. Nf3 g6 3. c4 Bg7 4. Nc3 O-O 5. e4 d6 6. Be2 e5 7. dxe5 dxe5 8.
Qxd8 Rxd8 9. Bg5 Re8 10. O-O Na6 11. Rfd1 Nc5 12. Nd2 c6 13. Be3 Bf8 14. b4 Ne6
15. a3 Nd4 16. Bd3 Ng4 17. Nf1 Nxe3 18. Nxe3 Be6 19. c5 b6 20. cxb6 axb6 21.
Nc4 Bxc4 22. Bxc4 Nc2 23. Ra2 Nxa3 24. Rda1 b5 25. Bb3 Red8 26. Nb1 Bxb4 27.
Nxa3 Rd3 28. Nc2 Rxa2 29. Bxa2 Bc5 30. Rf1 Rd2 31. Bb1 b4 32. g4 b3 33. Na1 Rb2
34. Bd3 Bd4 35. Bc4 Rxf2 36. Nxb3 Rc2+ 37. Nxd4 Rxc4 38. Nf3 Rxe4 39. h3 f6 40.
Rc1 Rf4 41. Kg2 h5 42. gxh5 gxh5 43. Kg3 Ra4 44. Rxc6 Ra3 45. Kg2 Ra2+ 46. Kg1
Ra1+ 47. Kf2 Ra2+ 48. Kf1 Ra1+ 49. Ne1 Kf7 50. Rc3 Ke6 51. Kf2 f5 52. Rc6+ Kd5
53. Rh6 Ra2+ 54. Kf1 f4 55. Rxh5 Ke4 56. Rg5 Ra3 57. h4 Rh3 58. Ng2 f3 59. Rg4+
Kd3 60. Ra4 Rh1+ 61. Kf2 fxg2 1/2-1/2

[Event "Hoogeveen Open"]
[Site "Hoogeveen"]
[Date "2008.10.17"]
[Round "1"]
[White "Brandenburg, Daan"]
[Black "Jellema, Yme Jan"]
[Result "1-0"]
[WhiteElo "2436"]
[BlackElo "2129"]
[PlyCount "45"]
[EventDate "2008.??.??"]

1. e4 c5 2. Nf3 Nc6 3. c3 d5 4. exd5 Qxd5 5. d4 Bg4 6. dxc5 Qxc5 7. Be3 Qa5 8.
Na3 Rd8 9. Qb3 Rd7 10. Be2 e6 11. Nc4 Qc7 12. g3 Rd5 13. Bf4 Qc8 14. h3 Bh5 15.
g4 Bg6 16. Nfe5 b5 17. Ne3 Rxe5 18. Bxe5 Nxe5 19. Bxb5+ Ke7 20. Qb4+ Kf6 21.
g5+ Kxg5 22. Rg1+ Kf6 23. Qh4# 1-0

[Event "Hoogeveen Open"]
[Site "Hoogeveen"]
[Date "2008.10.17"]
[Round "1"]
[White "Akotchik, Viktor"]
[Black "Kaplan, Sasha"]
[Result "0-1"]
[WhiteElo "2128"]
[BlackElo "2425"]
[PlyCount "104"]
[EventDate "2008.??.??"]

1. d4 Nf6 2. Nc3 d5 3. Bg5 Nbd7 4. Nf3 h6 5. Bh4 c6 6. e3 g5 7. Bg3 Nh5 8. Be5
Nxe5 9. Nxe5 Nf6 10. Bd3 Qb6 11. a3 Bg7 12. O-O Nd7 13. f4 gxf4 14. Nxd7 Bxd7
15. Qh5 O-O 16. Na4 Qd8 17. Rxf4 e5 18. dxe5 Qg5 19. Qxg5 hxg5 20. Rb4 b6 21.
Rb3 Bxe5 22. Nc3 Be6 23. Ne2 c5 24. Ba6 d4 25. Rd3 Bf5 26. exd4 Bxd3 27. Bxd3
Bg7 28. d5 Bxb2 29. Ra2 Bg7 30. c4 Rfe8 31. Kf2 a6 32. a4 Be5 33. g3 Kg7 34.
Kf3 Rh8 35. Kg2 Rh6 36. Ng1 Rah8 37. Nf3 Bd6 38. Re2 a5 39. h4 gxh4 40. Nxh4
Kf8 41. Kf3 Rg8 42. Nf5 Rh3 43. Nxd6 Rgxg3+ 44. Kf4 Rxd3 45. Re8+ Kg7 46. Nf5+
Kf6 47. Rc8 Rhf3+ 48. Ke4 Rc3 49. d6 Rxf5 50. d7 Re5+ 51. Kf4 Rxc4+ 52. Kf3 Rd5
0-1

[Event "Hoogeveen Open"]
[Site "Hoogeveen"]
[Date "2008.10.17"]
[Round "1"]
[White "Diamant, Andre"]
[Black "Galje, Hans"]
[Result "1-0"]
[WhiteElo "2412"]
[BlackElo "2121"]
[PlyCount "81"]
[EventDate "2008.??.??"]

1. e4 e6 2. d4 d5 3. Nd2 Nf6 4. e5 Nfd7 5. Ngf3 c5 6. c3 Nc6 7. Bd3 Be7 8. O-O
h5 9. Re1 cxd4 10. cxd4 g5 11. Nb3 g4 12. Nfd2 a5 13. a4 Qb6 14. Nb1 Nxd4 15.
Nxd4 Qxd4 16. Nc3 Qb6 17. Nb5 Nb8 18. Be3 Qd8 19. f3 g3 20. hxg3 Nc6 21. f4 Bd7
22. Rc1 Kf8 23. f5 exf5 24. Rf1 Nxe5 25. Bxf5 Bxb5 26. axb5 Nc4 27. Bd4 Rh6 28.
b3 Nd6 29. Qf3 Bf6 30. Bc5 Kg7 31. Bd3 Ne4 32. Bxe4 dxe4 33. Qxe4 Qd7 34. Rcd1
Qxb5 35. Be3 Rg6 36. Rd5 Qe8 37. Qd3 Rd8 38. Re1 Rxd5 39. Qxd5 Qe5 40. Bh6+
Kxh6 41. Rxe5 1-0

[Event "Hoogeveen Open"]
[Site "Hoogeveen"]
[Date "2008.10.17"]
[Round "1"]
[White "Colijn, Stefan"]
[Black "Van Delft, Merijn"]
[Result "0-1"]
[WhiteElo "2118"]
[BlackElo "2402"]
[PlyCount "56"]
[EventDate "2008.??.??"]

1. d4 Nf6 2. c4 g6 3. Nc3 Bg7 4. e4 d6 5. f3 O-O 6. Be3 a6 7. Nge2 Nc6 8. Rc1
Rb8 9. Qd2 Bd7 10. g4 b5 11. Ng3 e5 12. d5 Nd4 13. Bxd4 exd4 14. Nce2 d3 15.
Qxd3 bxc4 16. Qd2 c6 17. dxc6 Bxc6 18. Nd4 Ba8 19. g5 Nd7 20. Rxc4 d5 21. Rc2
Qb6 22. Nb3 Ne5 23. Qf2 Qb4+ 24. Kd1 dxe4 25. fxe4 Qa4 26. Bg2 Rfd8+ 27. Rd2
Qxa2 28. Nc5 Qb1+ 0-1

[Event "Hoogeveen Open"]
[Site "Hoogeveen"]
[Date "2008.10.17"]
[Round "1"]
[White "Grooten, Herman"]
[Black "Hendriks, Richard"]
[Result "1/2-1/2"]
[WhiteElo "2376"]
[BlackElo "2116"]
[PlyCount "39"]
[EventDate "2008.??.??"]

1. d4 d5 2. c4 dxc4 3. Nf3 Nf6 4. e3 e6 5. Bxc4 c5 6. O-O a6 7. Qe2 b5 8. Bb3
Bb7 9. a4 Nbd7 10. Rd1 Be7 11. Nbd2 Qb6 12. axb5 axb5 13. Rxa8+ Bxa8 14. Bc2
O-O 15. dxc5 Nxc5 16. e4 Rd8 17. e5 Nd5 18. Ne4 Nb4 19. Nxc5 Qxc5 20. Rxd8+
1/2-1/2

[Event "Hoogeveen Open"]
[Site "Hoogeveen"]
[Date "2008.10.17"]
[Round "1"]
[White "Van der Veen, Jan"]
[Black "Slingerland, Fred"]
[Result "0-1"]
[WhiteElo "2114"]
[BlackElo "2373"]
[PlyCount "56"]
[EventDate "2008.??.??"]

1. e4 c5 2. Nc3 Nc6 3. f4 g6 4. Bb5 Nd4 5. Bc4 Bg7 6. Nce2 b5 7. Bd5 Rb8 8.
Nxd4 Bxd4 9. e5 Bxg1 10. Rxg1 e6 11. Bf3 Qh4+ 12. g3 Qxh2 13. Kf1 Ne7 14. Rg2
Qh3 15. Kf2 Bb7 16. d3 h5 17. Bxb7 Rxb7 18. Qf3 Rc7 19. Be3 Qg4 20. Qxg4 hxg4
21. c4 bxc4 22. dxc4 Nf5 23. Rd1 Ke7 24. Ke2 d6 25. b3 Rh5 26. exd6+ Nxd6 27.
Bc1 Ne4 28. Bb2 Rh3 0-1

[Event "Hoogeveen Open"]
[Site "Hoogeveen"]
[Date "2008.10.17"]
[Round "1"]
[White "Bitalzadeh, Ali"]
[Black "Algra, Jouke"]
[Result "0-1"]
[WhiteElo "2370"]
[BlackElo "2113"]
[PlyCount "78"]
[EventDate "2008.??.??"]

1. e4 e6 2. d4 c5 3. Nf3 cxd4 4. Nxd4 a6 5. Bd3 Nc6 6. Nxc6 bxc6 7. O-O d5 8.
Nc3 Nf6 9. Bf4 Bb4 10. e5 Nd7 11. Qg4 g6 12. Rfe1 Be7 13. Bh6 Bf8 14. Bxf8 Kxf8
15. Qf4 Kg7 16. Re3 Qe7 17. Ne2 Rb8 18. Nd4 Rb6 19. Rh3 h6 20. b3 Qb4 21. Rg3
c5 22. Bxg6 fxg6 23. c3 Qa3 24. Qh4 cxd4 25. b4 Rf8 26. Qh5 g5 27. h4 Rf5 28.
hxg5 Rxg5 29. Rxg5+ hxg5 30. Qxg5+ Kf7 31. Rd1 Qxc3 32. Rc1 Rc6 33. Qh5+ Ke7
34. Qh4+ Ke8 35. Qh8+ Nf8 36. Qh5+ Kd8 37. Rxc3 dxc3 38. Qg5+ Kc7 39. Qc1 c2
0-1

[Event "Hoogeveen Open"]
[Site "Hoogeveen"]
[Date "2008.10.17"]
[Round "1"]
[White "Meurs, Tom"]
[Black "Van Eijk, Sander"]
[Result "1-0"]
[WhiteElo "2110"]
[BlackElo "2366"]
[PlyCount "109"]
[EventDate "2008.??.??"]

1. e4 c5 2. Nf3 Nc6 3. d4 cxd4 4. Nxd4 Qb6 5. Nb3 Nf6 6. Nc3 e6 7. Qe2 Bb4 8.
Bd2 O-O 9. a3 Be7 10. O-O-O d5 11. exd5 exd5 12. Be3 Qc7 13. Nb5 Qb8 14. Kb1
Bf5 15. N5d4 Bg6 16. g4 Re8 17. f4 Be4 18. Rg1 Bd6 19. Qf2 a6 20. Bd3 Bxd3 21.
cxd3 Nxd4 22. Nxd4 Bc5 23. g5 Nd7 24. Nf5 Bxe3 25. Nxe3 Qa7 26. d4 Nb6 27. f5
Qb8 28. g6 f6 29. gxh7+ Kh8 30. Ng2 Re4 31. Nh4 Kxh7 32. Qg2 Qc7 33. Ng6 Kg8
34. Qh3 Kf7 35. Qh5 Rg8 36. Rc1 Nc4 37. Nf4+ Kf8 38. Ne6+ Rxe6 39. fxe6 g5 40.
Ka2 Qg7 41. b3 Nd6 42. Qf3 Rh8 43. Rg2 Qe7 44. Qxd5 Rh4 45. Rgc2 Ne8 46. Qd7
Rh7 47. Qxe7+ Rxe7 48. d5 Kg7 49. Rc8 f5 50. Rd8 Nf6 51. Re1 Ne4 52. Rd7 Kf6
53. Rxe7 Kxe7 54. Rxe4 fxe4 55. Kb2 1-0

[Event "Hoogeveen Open"]
[Site "Hoogeveen"]
[Date "2008.10.17"]
[Round "1"]
[White "Bykhovsky, Anatoly A"]
[Black "Haitsma, Anne"]
[Result "1-0"]
[WhiteElo "2364"]
[BlackElo "2107"]
[PlyCount "71"]
[EventDate "2008.??.??"]

1. e4 e5 2. Nf3 Nc6 3. d4 exd4 4. Nxd4 Nf6 5. Nc3 Bb4 6. Nxc6 bxc6 7. Bd3 d5 8.
exd5 cxd5 9. O-O O-O 10. Bg5 Be6 11. Qf3 Be7 12. h3 h6 13. Bh4 c5 14. Rad1 Rb8
15. b3 Rb4 16. Bc4 g5 17. Bg3 d4 18. Bxe6 fxe6 19. Rfe1 Qc8 20. Ne4 Rf7 21. Qe2
Rb6 22. Be5 Nd7 23. Nd2 Bf6 24. Bg3 Rc6 25. Nc4 Qa6 26. Qe4 Kg7 27. Rd3 Re7 28.
h4 Rc8 29. h5 Nf8 30. Be5 Bxe5 31. Qxe5+ Kg8 32. a4 Rcc7 33. Rf3 Rf7 34. Rxf7
Rxf7 35. Qxc5 Rf4 36. g3 1-0